| 000 | 00742nam a2200205 u 4500 | ||
|---|---|---|---|
| 001 | 000020364 | ||
| 005 | 20200929170403.0 | ||
| 008 | 100813s1969 sp 000 0 spa d | ||
| 040 |
_aDO-SdBNP _bspa _cBNPHU |
||
| 082 |
_a226 _bZ73m |
||
| 100 | 1 |
_aZimmermann, Heinrich. _943028 |
|
| 240 | 1 | 0 |
_aNeutestamentliche methodenlehere. _lEspañol |
| 245 | 1 | 0 |
_aLos métodos histórico-críticos en el nuevo testamento / _cHeinrich Zimmermann. |
| 260 |
_aMadrid : _bEditorial Católica, _c1969. |
||
| 300 |
_axvi, 305, vi p. ; _c20 cm. |
||
| 490 | 1 |
_aBiblioteca de autores cristianos _v295 |
|
| 500 | _aIncluye bibliografía e índice. | ||
| 650 | 4 |
_aBiblia _xCrítica e interpretación _915283 |
|
| 830 | 0 |
_aBiblioteca de autores cristianos _n295 _943029 |
|
| 999 |
_c19868 _d19868 |
||